000
00292nam a22001457a 4500
003
OSt
020
_a
NA
040
_c
0
082
_2
22
_a
398.204954
100
_a
Tshering Gyeltshen.
245
_a
Jigten geypai trotam /
260
_b
NA
_c
c2000.
300
_a
0
_b
ill. ;
942
_2
ddc
_c
DZ
_0
4
999
_c
4503
_d
4503